Normal view
MARC view
Entry Personal Name
001 - CONTROL NUMBER
- control field: 537973
003 - CONTROL NUMBER IDENTIFIER
- control field: OSt
005 - DATE AND TIME OF LATEST TRANSACTION
- control field: 20220930080045.0
008 - FIXED-LENGTH DATA ELEMENTS
- fixed length control field: 220930|| aca||aabn | a|a d
040 ## - CATALOGING SOURCE
- Original cataloging agency: OSt
- Transcribing agency: OSt
100 ## - HEADING--PERSONAL NAME
- Personal name: Aggarwal Shuchi
670 ## - SOURCE DATA FOUND
- Source citation: Work cat.: (OSt)869216: Aggarwal Shuchi, Acharya Vitthalanatha viracita 'Smgara-rasa-mandanam' ka sahityika evam darsanika adhyayana, 2005
